[Event "Rishon Le Ziyyon-ch U18"]
[Site "Rishon Le Ziyyon"]
[Date "2023.04.04"]
[Round "9"]
[White "Gavriel, Inbal"]
[Black "Harel Raz, Eden"]
[Result "0-1"]
[WhiteElo "1361"]
[BlackElo "1044"]
[PlyCount "78"]
[EventDate "2023.03.28"]
[EventType "swiss"]
[EventRounds "9"]
[EventCountry "ISR"]
[SourceTitle "CBM 213 Extra"]
[Source "ChessBase"]
[SourceDate "2023.05.31"]
[SourceVersion "1"]
[SourceVersionDate "2023.05.31"]
[SourceQuality "1"]

1. e4 c6 2. d4 d5 3. e5 Bf5 4. Nf3 e6 5. Bd3 Ne7 6. Bg5 Bxd3 7. Qxd3 Qb6 8. b3 Nf5 9. 0-0 c5 10. dxc5 Bxc5 11. Nc3 0-0 12. Na4 Qc7 13. Nxc5 Qxc5 14. Be3 Nxe3 15. fxe3 h6 16. Kh1 Nc6 17. a3 Rac8 18. b4 Qb6 19. Nd4 Nxe5 20. Qe2 Nc4 21. Rf3 Nd6 22. Rh3 Ne4 23. Nf3 Qc7 24. Ne1 Qe5 25. Rc1 Qb2 26. Nd3 Qxa3 27. Kg1 Rc3 28. Rf1 Qa2 29. Rc1 Rfc8 30. Ne1 Qc4 31. Qg4 Ng5 32. Rg3 Qxg4 33. Rxg4 Rxe3 34. Rb1 Rc6 35. b5 Rb6 36. Kf2 Rc3 37. Rgb4 Ne4+ 38. Kg1 Rc5 39. Ra4 Nc3 0-1